[Event "World Rapid Women 2017"]
[Site "Riyadh KSA"]
[Date "2017.12.27"]
[Round "6.39"]
[White "Berend, Elvira"]
[Black "Papp, Petra"]
[Result "1-0"]
[WhiteTitle "WGM"]
[BlackTitle "WGM"]
[WhiteElo "2303"]
[BlackElo "2313"]
[WhiteFideId "4000510"]
[BlackFideId "739049"]
[EventDate "2017.12.26"]

1. e4 c5 2. Nf3 d6 3. Bb5+ Bd7 4. c4 Nf6 5. Nc3 g6 6. O-O Bg7 7. d4 cxd4 8. Nxd4
O-O 9. h3 a6 10. Bxd7 Qxd7 11. Be3 Nc6 12. Nd5 Nxd5 13. exd5 Nxd4 14. Bxd4 Bxd4
15. Qxd4 e5 16. dxe6 fxe6 17. Rad1 Rad8 18. Rd3 Rf5 19. Rfd1 Qf7 20. Qe3 d5 21.
cxd5 exd5 22. Re1 Rf8 23. f3 Rc8 24. Rd2 Rf6 25. Qe7 Rf5 26. Qd6 d4 27. Qxd4
Qxa2 28. Qd7 Rcf8 29. Qxb7 R5f7 30. Qb4 a5 31. Qb5 a4 32. Qb4 Rf4 33. Qd6 R4f7
34. Re4 Rc8 35. Rde2 Rc1+ 36. Kh2 Qa1 37. Qd4 Rc8 38. Re8+ Rxe8 39. Rxe8+ Rf8
40. Qd5+ Kg7 41. Re7+ Kh6 42. Qd2+ g5 43. Qd6+ Kh5 44. Rxh7# 1-0

[Event "World Rapid Women 2017"]
[Site "Riyadh KSA"]
[Date "2017.12.27"]
[Round "6.40"]
[White "Shuvalova, Polina"]
[Black "Bivol, Alina"]
[Result "1-0"]
[WhiteTitle "WIM"]
[BlackTitle "WGM"]
[WhiteElo "2385"]
[BlackElo "2356"]
[WhiteFideId "24171760"]
[BlackFideId "4100123"]
[EventDate "2017.12.26"]

1. e4 e6 2. Nf3 d5 3. exd5 exd5 4. d4 Nf6 5. c4 c6 6. Nc3 Be7 7. Bd3 O-O 8. O-O
dxc4 9. Bxc4 Nbd7 10. h3 Nb6 11. Bd3 h6 12. Re1 Be6 13. Ne5 Re8 14. Be3 Nbd5 15.
Qf3 c5 16. dxc5 Nxc3 17. bxc3 Qd5 18. Bd4 Qxf3 19. Nxf3 Rac8 20. Rab1 Bd5 21.
Bb5 Bc6 22. Bxc6 bxc6 23. Rb7 Nd5 24. Rxa7 f6 25. c4 Rc7 26. cxd5 Rxa7 27. d6
Kf7 28. dxe7 Rxa2 29. Nh4 Rxe7 30. Rxe7+ Kxe7 31. g4 Ra4 32. Be3 Kf7 33. Nf5 Ra5
34. Kg2 Ra4 35. Kg3 Ra3 36. Nd4 Ra6 37. h4 Ke7 38. h5 Kf7 39. Kf4 Ra4 40. Kf5
Ra6 41. Bf4 Ra8 42. Bd6 Ra6 43. f4 Kg8 44. Kg6 Kh8 45. Bf8 Ra4 46. Bxg7+ Kg8 47.
Nf5 1-0

[Event "World Rapid Women 2017"]
[Site "Riyadh KSA"]
[Date "2017.12.27"]
[Round "6.41"]
[White "Cori T., Deysi"]
[Black "Gevorgyan, Maria"]
[Result "1-0"]
[WhiteTitle "WGM"]
[BlackTitle "WIM"]
[WhiteElo "2389"]
[BlackElo "2275"]
[WhiteFideId "3801934"]
[BlackFideId "13300270"]
[EventDate "2017.12.26"]

1. Nf3 Nf6 2. g3 e6 3. c4 Be7 4. Bg2 d5 5. b3 O-O 6. Bb2 b6 7. O-O Bb7 8. cxd5
Nxd5 9. Nc3 Bf6 10. Qc2 c5 11. Rad1 Nc6 12. Qb1 Ba6 13. Rfe1 Rc8 14. Nxd5 exd5
15. d4 Re8 16. dxc5 Bxe2 17. Ng5 Bxg5 18. Rxd5 Qe7 19. Bf1 Nb4 20. Rxe2 Nxd5 21.
Rxe7 Bxe7 22. c6 Nb4 23. Bh3 Rc7 24. Bd7 Rd8 25. Qe4 Bf8 26. a3 Na6 27. b4 f6
28. Qc4+ 1-0

[Event "World Rapid Women 2017"]
[Site "Riyadh KSA"]
[Date "2017.12.27"]
[Round "6.42"]
[White "Badelka, Olga"]
[Black "Melia, Salome"]
[Result "0-1"]
[WhiteTitle "WIM"]
[BlackTitle "IM"]
[WhiteElo "2388"]
[BlackElo "2404"]
[WhiteFideId "13509926"]
[BlackFideId "13602446"]
[EventDate "2017.12.26"]

1. d4 Nf6 2. c4 e6 3. Nc3 Bb4 4. Qc2 d6 5. a3 Bxc3+ 6. Qxc3 Nbd7 7. Bg5 b6 8. e3
Bb7 9. Ne2 h6 10. Bh4 g5 11. Bg3 Ne4 12. Qc2 h5 13. f3 Nxg3 14. hxg3 g4 15. e4
gxf3 16. gxf3 Qf6 17. f4 Qg6 18. Bg2 O-O-O 19. O-O-O Nf6 20. d5 Rde8 21. Rhe1 h4
22. Qd3 h3 23. Bh1 exd5 24. exd5 Qxd3 25. Rxd3 Ng4 26. Kd2 Ba6 27. b3 b5 28. Rc3
bxc4 29. bxc4 h2 30. Rf1 Nf6 31. Rcc1 Ne4+ 32. Bxe4 Rxe4 33. Kd3 Rhe8 34. Nd4
Re3+ 35. Kd2 Rxg3 36. Rf2 Rh8 37. Rh1 Bxc4 38. Rfxh2 Rxh2+ 39. Rxh2 Rd3+ 0-1

[Event "World Rapid Women 2017"]
[Site "Riyadh KSA"]
[Date "2017.12.27"]
[Round "6.43"]
[White "Javakhishvili, Lela"]
[Black "Nguyen, Thi Mai Hung"]
[Result "1-0"]
[WhiteTitle "IM"]
[BlackTitle "WGM"]
[WhiteElo "2449"]
[BlackElo "2321"]
[WhiteFideId "13601458"]
[BlackFideId "12401676"]
[EventDate "2017.12.26"]

1. c4 c6 2. Nf3 d5 3. e3 Nf6 4. Nc3 e6 5. Qc2 Nbd7 6. b3 Bd6 7. Bb2 O-O 8. Rg1
Nc5 9. g4 Be7 10. g5 Nfe4 11. b4 Na6 12. Nxe4 dxe4 13. Qxe4 Nxb4 14. a3 Na6 15.
Bd3 g6 16. Bc2 Nc5 17. Qe5 f6 18. Qc3 Kf7 19. h4 Rg8 20. gxf6 Bxf6 21. Ng5+ Bxg5
22. hxg5 Nd7 23. O-O-O Qe7 24. f4 b6 25. e4 Bb7 26. f5 exf5 27. exf5 gxf5 28.
Bxf5 Raf8 29. Bxd7 Qxd7 30. Qf6+ 1-0

[Event "World Rapid Women 2017"]
[Site "Riyadh KSA"]
[Date "2017.12.27"]
[Round "6.44"]
[White "Gu, Xiaobing"]
[Black "Belenkaya, Dina"]
[Result "1/2-1/2"]
[WhiteTitle "WGM"]
[BlackTitle "WGM"]
[WhiteElo "2332"]
[BlackElo "2303"]
[WhiteFideId "8602611"]
[BlackFideId "24142654"]
[EventDate "2017.12.26"]

1. e4 c6 2. Nc3 d5 3. Nf3 dxe4 4. Nxe4 Nf6 5. Qe2 Bg4 6. Nxf6+ gxf6 7. d3 Qb6 8.
Qe4 f5 9. Qf4 Nd7 10. h3 Bxf3 11. Qxf3 e6 12. Be2 Bd6 13. Qh5 Ne5 14. Qg5 Ng6
15. c3 h6 16. Qe3 Qc7 17. Qd4 Be5 18. Qa4 Bf4 19. Bxf4 Nxf4 20. g3 Nd5 21. O-O-O
Qb6 22. Bh5 Nf6 23. Qh4 Nxh5 24. Qxh5 Qxf2 25. Rhe1 Ke7 26. Qh4+ Kd7 27. Qf6
Raf8 28. g4 Rhg8 29. Re4 Kc8 30. Rd4 Rd8 31. Rxd8+ Rxd8 32. Qxf7 Qe3+ 33. Kc2 f4
34. d4 f3 35. Rd3 Qe2+ 36. Rd2 Qe4+ 37. Rd3 Qe2+ 38. Rd2 Qe4+ 39. Rd3 Qe2+ 40.
Rd2 Qe4+ 41. Rd3 Qe2+ 42. Rd2 1/2-1/2

[Event "World Rapid Women 2017"]
[Site "Riyadh KSA"]
[Date "2017.12.27"]
[Round "6.46"]
[White "Albzoor, Anwar"]
[Black "Arakhamia-Grant, Ketevan"]
[Result "0-1"]
[WhiteTitle "WFM"]
[BlackTitle "GM"]
[WhiteElo "1595"]
[BlackElo "2350"]
[WhiteFideId "11500522"]
[BlackFideId "13600168"]
[EventDate "2017.12.26"]

1. Nf3 c5 2. c4 Nf6 3. Nc3 g6 4. g3 Bg7 5. Bg2 Nc6 6. O-O O-O 7. d3 d6 8. Bd2
Rb8 9. Rb1 a6 10. a3 b5 11. cxb5 axb5 12. b4 cxb4 13. axb4 d5 14. Bf4 Rb6 15. d4
Ne4 16. Nxe4 dxe4 17. Ng5 Nxd4 18. Be3 f5 19. Qd2 Rd6 20. Qa2+ e6 21. Rfd1 Nf3+
22. exf3 Rxd1+ 23. Rxd1 Qxd1+ 24. Bf1 Qd5 25. Qa7 h6 26. fxe4 fxe4 27. Nh3 e5
28. Kg2 Bg4 29. Qb6 Qe6 30. Qxe6+ Bxe6 31. Bxb5 Rb8 32. Be2 Rxb4 33. Bc5 Rb2 34.
Ba6 e3 35. Bxe3 Bd5+ 36. Kf1 Bf3 37. Ke1 e4 38. Bc5 Bc3+ 0-1

[Event "World Rapid Women 2017"]
[Site "Riyadh KSA"]
[Date "2017.12.27"]
[Round "7.1"]
[White "Ju, Wenjun"]
[Black "Goryachkina, Aleksandra"]
[Result "1/2-1/2"]
[WhiteElo "2537"]
[BlackElo "2460"]
[EventDate "2017.12.26"]

1. d4 d5 2. c4 Nc6 3. Nc3 dxc4 4. d5 Ne5 5. Bf4 Ng6 6. Bg3 Nf6 7. e4 e5 8.
Bxc4 Bd6 9. Nf3 a6 10. Rc1 O-O 11. Nd2 Bg4 12. Be2 Bxe2 13. Qxe2 Rc8 14.
O-O c6 15. dxc6 Rxc6 16. Nc4 b5 17. Nxd6 Rxd6 18. Rfd1 Qb6 19. Rxd6 Qxd6
20. Rd1 Qc6 21. h4 b4 22. Nd5 Nxd5 23. exd5 Qd6 24. h5 Nf4 25. Bxf4 exf4
26. Qe4 a5 27. b3 Rd8 28. Rd4 h6 29. Rd1 Qf6 30. Qe2 Qd6 31. Qb5 f3 32.
gxf3 Qf6 33. d6 Qxf3 34. Qd5 Qg4+ 35. Kf1 Qh3+ 36. Kg1 Qg4+ 37. Kf1 Qh3+
38. Kg1 1/2-1/2

[Event "World Rapid Women 2017"]
[Site "Riyadh KSA"]
[Date "2017.12.27"]
[Round "7.3"]
[White "Guo, Qi"]
[Black "Tan, Zhongyi"]
[Result "1-0"]
[WhiteElo "2451"]
[BlackElo "2502"]
[EventDate "2017.12.26"]

1. d4 Nf6 2. c4 e6 3. Nf3 b6 4. g3 Bb7 5. Bg2 Bb4+ 6. Bd2 Bxd2+ 7. Qxd2 O-O
8. O-O d6 9. Qd3 Be4 10. Qe3 Bb7 11. Nc3 Nbd7 12. Qd3 a6 13. Rfd1 Qe7 14.
e4 Rfd8 15. Qe2 Rab8 16. e5 dxe5 17. Nxe5 Bxg2 18. Kxg2 Nxe5 19. dxe5 Nd7
20. Rd2 b5 21. Rad1 b4 22. Na4 Nf8 23. b3 Ng6 24. f4 a5 25. Qe3 h5 26. Rd3
Qe8 27. Kf2 Ne7 28. Qd2 Nc6 29. Qe3 Rxd3 30. Rxd3 Rd8 31. Qd2 Rxd3 32. Qxd3
Ne7 33. Nc5 Nf5 34. Qd7 Qa8 35. Nxe6 Qh1 36. Qe8+ Kh7 37. Ng5+ Kh6 38. Qh8+
1-0

[Event "World Rapid Women 2017"]
[Site "Riyadh KSA"]
[Date "2017.12.27"]
[Round "7.4"]
[White "Danielian, Elina"]
[Black "Huang, Qian"]
[Result "1-0"]
[WhiteElo "2473"]
[BlackElo "2453"]
[EventDate "2017.12.26"]

1. d4 d5 2. Nf3 c6 3. Bf4 Nf6 4. e3 Bf5 5. c4 e6 6. Qb3 Qb6 7. Nbd2 Nbd7 8.
h3 dxc4 9. Bxc4 Qxb3 10. Bxb3 Bd3 11. Bc4 Bxc4 12. Nxc4 Nb6 13. Ncd2 c5 14.
O-O cxd4 15. Nxd4 Bb4 16. N2b3 O-O 17. a3 Be7 18. Na5 Nbd5 19. Bh2 b6 20.
Nac6 Bc5 21. Rac1 Rfc8 22. g4 h6 23. Kg2 a6 24. Rfd1 Bf8 25. Kf3 Ne7 26.
Nxe7+ Bxe7 27. e4 Bc5 28. Nb3 Bf8 29. Bc7 b5 30. Na5 Ne8 31. Bg3 Nf6 32.
Ke3 b4 33. a4 b3 34. Nxb3 Bb4 35. f3 Rxc1 36. Rxc1 Nd7 37. Rc7 Rd8 38. Rb7
a5 39. Bc7 Rc8 40. Bxa5 Bxa5 41. Rxd7 Bb6+ 42. Kd3 Ra8 43. Rb7 Bf2 44. a5
g5 45. Kc4 Rc8+ 46. Kd3 Kg7 47. Nd2 Be1 48. Nc4 Rd8+ 49. Ke2 Bg3 50. a6 1-0

[Event "World Rapid Women 2017"]
[Site "Riyadh KSA"]
[Date "2017.12.27"]
[Round "7.5"]
[White "Lei, Tingjie"]
[Black "Paehtz, Elisabeth"]
[Result "1/2-1/2"]
[WhiteElo "2450"]
[BlackElo "2467"]
[EventDate "2017.12.26"]

1. d4 d6 2. Nf3 g6 3. g3 Bg7 4. Bg2 Nf6 5. b3 a5 6. O-O O-O 7. Bb2 a4 8. c4
c6 9. Nc3 axb3 10. axb3 Rxa1 11. Qxa1 d5 12. Rd1 Na6 13. Ne5 Bf5 14. Qa3
Re8 15. h3 Nc7 16. Qb4 Qc8 17. Kh2 h5 18. Ra1 Qb8 19. Qa5 Ne4 20. Nxe4 Bxe4
21. Bxe4 dxe4 22. e3 Ne6 23. Nd7 Qd6 24. Nb6 c5 25. dxc5 Qd3 26. Bxg7 Kxg7
27. c6 bxc6 28. Qe5+ Kg8 29. b4 Qd2 30. Kg2 Qxb4 31. Nd7 Qxc4 32. g4 h4 33.
Ra7 Qd5 34. Qxd5 cxd5 35. Ne5 Kg7 36. Nc6 Kf8 37. Rd7 Rc8 38. Nxe7 Rc7 39.
Rxc7 Nxc7 40. Nc6 Ne6 1/2-1/2

[Event "World Rapid Women 2017"]
[Site "Riyadh KSA"]
[Date "2017.12.27"]
[Round "7.6"]
[White "Harika, Dronavalli"]
[Black "Abdumalik, Zhansaya"]
[Result "1-0"]
[WhiteElo "2466"]
[BlackElo "2439"]
[EventDate "2017.12.26"]

1. Nf3 Nf6 2. g3 g6 3. b3 Bg7 4. Bb2 d5 5. c4 O-O 6. Bg2 Nc6 7. d4 dxc4 8.
bxc4 e5 9. d5 e4 10. dxc6 Qxd1+ 11. Kxd1 exf3 12. Bxf3 bxc6 13. Nd2 Be6 14.
Ke1 Rad8 15. Rc1 Ng4 16. Bxg7 Kxg7 17. Bxg4 Bxg4 18. f3 Be6 19. Nb3 Rd6 20.
Kf2 Rfd8 21. Rc2 h5 22. Rhc1 Bc8 23. Na5 Re8 24. Rb2 Ba6 25. Rc3 Re5 26.
Ra3 c5 27. Rc2 Bc8 28. Nb3 Ra6 29. Rxa6 Bxa6 30. Nc1 Re6 31. Nd3 Rc6 32.
Ke3 Kf6 33. Kd2 Ke7 34. Kc3 Bc8 35. Rb2 Bf5 36. e4 Be6 37. a4 Rb6 38. Rb5
Rxb5 39. axb5 c6 40. Nxc5 Bh3 41. e5 cxb5 42. cxb5 Bg2 43. f4 Kd8 44. Kb4
Ke7 45. Ka5 f6 46. Ka6 fxe5 47. fxe5 Bf1 48. Ka5 g5 49. Ka4 h4 50. Kb4 hxg3
51. hxg3 Be2 52. Ka5 Bf1 53. b6 axb6+ 54. Kxb6 Bg2 55. Kb5 Kf7 56. Kc4 Kg6
57. Kd4 Kf5 58. Nd3 Bf1 59. Nf2 Ba6 60. Kd5 Bc8 61. Kd6 g4 62. Kd5 Be6+ 63.
Kd4 Bb3 64. Nd3 Bc2 65. Nc5 Bb1 66. Nb3 Ba2 67. Nd2 Be6 68. Nf1 Kg6 69. Ne3
Kg5 70. Kc5 Kg6 71. Kd6 Kf7 72. Ng2 Bb3 73. Nf4 Bc4 74. Nd5 Bb5 75. Ne3 Be2
76. e6+ Kf6 77. e7 Kf7 78. Kd7 Kf6 79. Kd8 Bb5 80. Nxg4+ Kf5 81. Nf2 1-0

[Event "World Rapid Women 2017"]
[Site "Riyadh KSA"]
[Date "2017.12.27"]
[Round "7.7"]
[White "Padmini, Rout"]
[Black "Khotenashvili, Bela"]
[Result "0-1"]
[WhiteElo "2409"]
[BlackElo "2425"]
[EventDate "2017.12.26"]

1. Nf3 g6 2. g3 Bg7 3. d4 c5 4. Bg2 cxd4 5. Nxd4 Nc6 6. Nxc6 bxc6 7. O-O
Rb8 8. c4 Qa5 9. Qc2 Ba6 10. Nd2 Nh6 11. Nb3 Qb4 12. Nd2 Nf5 13. a3 Qa5 14.
e3 O-O 15. Rb1 c5 16. b3 Bb7 17. b4 cxb4 18. axb4 Qc7 19. Bxb7 Rxb7 20. Qd3
Rc8 21. Ba3 h5 22. c5 d6 23. Nb3 dxc5 24. bxc5 Rd8 25. Qc4 h4 26. gxh4 Be5
27. h3 Kg7 28. e4 Nxh4 29. f4 Bxf4 30. Bb2+ f6 31. Bc1 Bxc1 0-1

[Event "World Rapid Women 2017"]
[Site "Riyadh KSA"]
[Date "2017.12.27"]
[Round "7.8"]
[White "Charochkina, Daria"]
[Black "Gunina, Valentina"]
[Result "1-0"]
[WhiteElo "2307"]
[BlackElo "2566"]
[EventDate "2017.12.26"]

1. d4 Nf6 2. c4 e6 3. Nc3 Bb4 4. Qc2 d5 5. a3 Bxc3+ 6. Qxc3 Ne4 7. Qc2 c5
8. dxc5 Nc6 9. e3 Qa5+ 10. Bd2 Qxc5 11. Nf3 Nxd2 12. Nxd2 d4 13. b4 Qe7 14.
Be2 dxe3 15. fxe3 Qg5 16. Qe4 f5 17. Qf4 Qf6 18. O-O O-O 19. Bf3 e5 20.
Bd5+ Kh8 21. Qg3 Be6 22. Rad1 Qh6 23. Bxc6 f4 24. exf4 exf4 25. Qf3 bxc6
26. Qxc6 Rae8 27. Rfe1 g5 28. h3 g4 29. hxg4 Qg6 30. g5 h6 31. Nf3 hxg5 32.
Rd6 Rf6 33. Qe4 Qg7 34. Qe5 g4 35. Qh5+ 1-0

[Event "World Rapid Women 2017"]
[Site "Riyadh KSA"]
[Date "2017.12.27"]
[Round "7.9"]
[White "Hoang, Thi Bao Tram"]
[Black "Dzagnidze, Nana"]
[Result "1/2-1/2"]
[WhiteElo "2291"]
[BlackElo "2508"]
[EventDate "2017.12.26"]

1. d4 Nf6 2. Nf3 d5 3. Bf4 Bf5 4. e3 e6 5. Bd3 Ne4 6. O-O Bd6 7. Bg3 O-O 8.
Nbd2 Nd7 9. Qe2 Nxg3 10. hxg3 Bxd3 11. Qxd3 c5 12. e4 cxd4 13. exd5 e5 14.
Rfe1 Nc5 15. Qf5 g6 16. Qh3 Re8 17. Nc4 f6 18. Nxd4 Bf8 19. Ne6 Nxe6 20.
dxe6 Qd5 21. Ne3 Qxe6 22. Qxe6+ Rxe6 23. Rad1 Kf7 24. g4 Rc8 25. g3 Rd6 26.
Kg2 Ke6 27. c3 Rxd1 28. Rxd1 Bc5 29. Kf3 b5 30. a3 a6 31. Ke2 a5 32. Nd5 f5
33. gxf5+ gxf5 34. Ne3 f4 35. gxf4 exf4 36. Nc2 f3+ 37. Kf1 h5 38. Rd3 Ke5
39. Rxf3 Ke4 40. Ne1 b4 41. axb4 axb4 42. Rh3 bxc3 43. bxc3 Rh8 44. Nd3 Bb6
45. Ke2 h4 46. Ne1 Bd8 47. Ng2 Bg5 48. c4 Kf5 49. Kf3 Rc8 50. Nxh4+ Kf6 51.
Ng2 Rxc4 52. Rh8 Rc3+ 53. Kg4 Bc1 54. Rf8+ Kg7 55. Ra8 Rc2 56. Kg3 Bg5 57.
Ra5 Bd8 58. Ra7+ Bc7+ 59. Kf3 Kg6 60. Ne3 Rc3 61. Ke4 Bh2 62. Ra6+ Kf7 63.
Ng4 Bc7 64. Ne3 Rc1 65. Nd5 Bh2 66. f3 Re1+ 67. Kd3 Re6 68. Ra7+ Kg6 69.
Nc3 Bg1 70. Rd7 Re3+ 71. Kc2 Rxf3 72. Rd3 1/2-1/2

[Event "World Rapid Women 2017"]
[Site "Riyadh KSA"]
[Date "2017.12.27"]
[Round "7.10"]
[White "Batsiashvili, Nino"]
[Black "Buksa, Nataliya"]
[Result "1-0"]
[WhiteElo "2400"]
[BlackElo "2241"]
[EventDate "2017.12.26"]

1. d4 d5 2. Bf4 Nf6 3. e3 g6 4. Nf3 Bg7 5. Be2 b6 6. O-O Bb7 7. c4 O-O 8.
Nc3 Nbd7 9. Rc1 c5 10. Ne5 cxd4 11. exd4 dxc4 12. Bxc4 Nh5 13. Nxd7 Qxd7
14. Be5 Rfd8 15. Qb3 e6 16. Rfd1 Rac8 17. Be2 Nf6 18. Nb5 Bd5 19. Qa3 a5
20. Nd6 Bf8 21. Bxf6 Bxd6 22. Qe3 Rxc1 23. Rxc1 Rc8 24. a3 Qb7 25. Bf1 Rxc1
26. Qxc1 Qc6 27. Qxc6 Bxc6 28. Bd8 Bf4 29. Bxb6 Bd2 30. b3 Bc3 31. Bc4 Kg7
32. Kf1 Kf6 33. f3 h5 34. Ke2 g5 35. h3 Ke7 36. Bc5+ Kd7 37. b4 axb4 38.
axb4 Kc7 39. b5 Bd7 40. Kd3 Be1 41. Be7 g4 42. hxg4 hxg4 43. fxg4 Bg3 44.
Ke4 Bc8 45. Kf3 Be1 46. Bd3 Bc3 47. Bc5 Ba5 48. g5 Bd2 49. g6 Bb7+ 50. Ke2
fxg6 51. Kxd2 Bxg2 52. Bxg6 Kb7 53. Ke3 Bf1 54. Bd3 Bh3 55. Kf4 Kc7 56. Ke5
Kd7 57. Bc4 Bg2 58. Bxe6+ Kc7 59. b6+ Kb8 60. Bd5 Bh3 61. Bd6+ Kc8 62. b7+
Kd7 63. b8=Q 1-0

[Event "World Rapid Women 2017"]
[Site "Riyadh KSA"]
[Date "2017.12.27"]
[Round "7.11"]
[White "Cornette, Deimante"]
[Black "Doluhanova, Evgeniya"]
[Result "0-1"]
[WhiteElo "2320"]
[BlackElo "2228"]
[EventDate "2017.12.26"]

1. e4 c5 2. Nc3 d6 3. f4 Nc6 4. Nf3 g6 5. Bb5 Bg7 6. Bxc6+ bxc6 7. d3 Nf6
8. O-O O-O 9. Qe1 Nh5 10. e5 Bg4 11. Kh1 Bxf3 12. Rxf3 f5 13. Bd2 Rb8 14.
b3 Qc7 15. exd6 exd6 16. Qe6+ Kh8 17. Re1 Nf6 18. Qe7 Rb7 19. Qxc7 Rxc7 20.
Rfe3 Kg8 21. g3 Kf7 22. Kg2 h5 23. R3e2 Rh8 24. h4 Rb8 25. Kf3 Rd7 26. Kg2
Ne8 27. Na4 Nc7 28. Bc3 Bxc3 29. Nxc3 Na6 30. Kf3 Nb4 31. Kg2 Na6 32. Kf3
Nc7 33. Kg2 Re8 34. Kf3 Rxe2 35. Rxe2 Ne6 36. Ke3 Nd4 37. Rf2 Rb7 38. Kd2
Re7 39. Ne2 Nb5 40. a4 Nc7 41. d4 Ne6 42. dxc5 Nxc5 43. Nc3 d5 44. b4 Ne4+
45. Nxe4 dxe4 46. Ke3 Rb7 47. c3 Ke6 48. Rd2 Rd7 49. Rxd7 Kxd7 50. c4 Kc7
51. Kd2 Kb6 52. c5+ Kb7 53. b5 cxb5 54. axb5 a6 55. b6 a5 56. Kc3 a4 57.
Kb4 Kc6 58. Kxa4 e3 59. Ka5 e2 60. Ka6 e1=Q 0-1

[Event "World Rapid Women 2017"]
[Site "Riyadh KSA"]
[Date "2017.12.27"]
[Round "7.12"]
[White "Zawadzka, Jolanta"]
[Black "Stefanova, Antoaneta"]
[Result "1-0"]
[WhiteElo "2361"]
[BlackElo "2497"]
[EventDate "2017.12.26"]

1. e4 e5 2. Nf3 Nc6 3. Bb5 Nf6 4. d3 d6 5. O-O Be7 6. Re1 O-O 7. Bxc6 bxc6
8. d4 exd4 9. Nxd4 Bd7 10. Nc3 c5 11. Nf3 Bg4 12. h3 Bh5 13. e5 Nd7 14.
exd6 Bxd6 15. Ne4 Ne5 16. g4 Nxf3+ 17. Qxf3 Bg6 18. Be3 Qb8 19. Nxd6 cxd6
20. Bf4 Bxc2 21. Rac1 Bg6 22. Rxc5 Qxb2 23. Bxd6 Rfd8 24. Bc7 Rdc8 25. a3
Qd4 26. Rec1 Re8 27. R5c4 Qd7 28. Bg3 h6 29. Kh2 a5 30. h4 Qe6 31. Rc6 Be4
32. Rxe6 Bxf3 33. Rxe8+ Rxe8 34. g5 h5 35. Rc3 Bg4 36. Bf4 a4 37. Kg3 Re1
38. Be3 Rh1 39. Rd3 Rh3+ 40. Kg2 Rxh4 41. Rd4 Rh3 42. Rxa4 Be6 43. Rd4 Kh7
44. a4 Kg6 45. a5 Bc8 46. a6 Rxe3 47. fxe3 Kxg5 48. a7 Bb7+ 49. Kg3 f5 50.
Rd7 h4+ 51. Kh2 Bf3 52. Rxg7+ Kf6 53. Rg8 1-0

[Event "World Rapid Women 2017"]
[Site "Riyadh KSA"]
[Date "2017.12.27"]
[Round "7.13"]
[White "Ushenina, Anna"]
[Black "Batchimeg, Tuvshintugs"]
[Result "0-1"]
[WhiteElo "2482"]
[BlackElo "2302"]
[EventDate "2017.12.26"]

1. d4 Nf6 2. Nf3 d5 3. Bf4 c5 4. e3 Bf5 5. Nbd2 e6 6. h3 Nc6 7. c3 Qb6 8.
Nh4 Be4 9. f3 Bg6 10. Nxg6 hxg6 11. Qb3 c4 12. Qc2 Qd8 13. b3 cxb3 14. Qxb3
Bd6 15. Qxb7 Bxf4 16. Qxc6+ Nd7 17. exf4 Rc8 18. Qd6 Qa5 19. Qb4 Qc7 20.
Bb5 Qxf4 21. Ke2 Rh5 22. Nb3 Rg5 23. Rhg1 Kd8 24. Bxd7 Kxd7 25. Nc5+ Ke8
26. Rab1 e5 27. Nd3 Qf5 28. dxe5 d4 29. Qxd4 Rd8 30. Qe4 Qe6 31. Rb2 0-1

[Event "World Rapid Women 2017"]
[Site "Riyadh KSA"]
[Date "2017.12.27"]
[Round "7.14"]
[White "Bodnaruk, Anastasia"]
[Black "Ding, Yixin"]
[Result "1-0"]
[WhiteElo "2480"]
[BlackElo "2339"]
[EventDate "2017.12.26"]

1. e4 e6 2. d4 d5 3. Nc3 dxe4 4. Nxe4 Bd7 5. Nf3 Bc6 6. Bd3 Nd7 7. O-O Ngf6
8. Ng3 Bxf3 9. Qxf3 c6 10. c3 Be7 11. Bc2 O-O 12. Qe2 Re8 13. f4 Qa5 14.
Kh1 Nf8 15. Be3 Rad8 16. a3 Qc7 17. Rad1 Ng6 18. f5 exf5 19. Nxf5 Bd6 20.
Qf3 Nd5 21. Bg5 f6 22. Nxd6 Rxd6 23. Bd2 Kh8 24. Bxg6 hxg6 25. c4 Ne7 26.
Bf4 Qd7 27. Bxd6 Qxd6 28. Rfe1 Rd8 29. d5 cxd5 30. cxd5 Kg8 31. Qb3 b6 32.
Re6 Qd7 33. d6 1-0

[Event "World Rapid Women 2017"]
[Site "Riyadh KSA"]
[Date "2017.12.27"]
[Round "7.15"]
[White "Vijayalakshmi, Subbaraman"]
[Black "Munguntuul, Batkhuyag"]
[Result "1-0"]
[WhiteElo "2297"]
[BlackElo "2455"]
[EventDate "2017.12.26"]

1. Nf3 d5 2. g3 c6 3. Bg2 Nf6 4. O-O Bg4 5. h3 Bh5 6. d4 Nbd7 7. c4 e6 8.
cxd5 cxd5 9. Nc3 Be7 10. Bf4 O-O 11. Rc1 a6 12. Ne5 Nxe5 13. dxe5 Nd7 14.
g4 Bg6 15. e4 Nc5 16. exd5 Nd3 17. Qd2 Nxf4 18. Qxf4 Bg5 19. Qd4 Bxc1 20.
Rxc1 f6 21. exf6 Rxf6 22. Rd1 exd5 23. Bxd5+ Kh8 24. Bxb7 Qxd4 25. Rxd4
Raf8 26. Rd2 h6 27. Nd1 Rb6 28. Bg2 Rc8 29. Ne3 a5 30. b3 Rb4 31. Kh2 a4
32. Nd5 Rd8 33. Re2 Rd4 34. Ne7 Be8 35. bxa4 Rd2 36. Rxd2 Rxd2 37. Kg3 Rxa2
38. Bc6 Bxc6 39. Nxc6 Rxa4 40. h4 Kg8 41. h5 Kf7 42. Ne5+ Kf6 43. Ng6 Ra3+
44. f3 Ra1 45. Nf4 Ra4 46. Ng6 Ra3 47. Nf4 Ra4 48. Ng6 Kg5 49. Nf8 Ra6 50.
Nh7# 1-0

[Event "World Rapid Women 2017"]
[Site "Riyadh KSA"]
[Date "2017.12.27"]
[Round "7.18"]
[White "Vo, Thi Kim Phung"]
[Black "Cramling, Pia"]
[Result "1/2-1/2"]
[WhiteElo "2192"]
[BlackElo "2439"]
[EventDate "2017.12.26"]

1. d4 Nf6 2. c4 e6 3. Nc3 Bb4 4. Qc2 O-O 5. Nf3 d5 6. cxd5 exd5 7. Bg5 h6
8. Bh4 Be6 9. e3 Nbd7 10. Bd3 c5 11. dxc5 Nxc5 12. O-O Rc8 13. Ne2 Nxd3 14.
Qxd3 Be7 15. Nfd4 Qb6 16. a4 a5 17. Nb5 Rc4 18. Ned4 Rfc8 19. b3 R4c5 20.
f3 Qd8 21. Rfd1 Ne8 22. Bf2 Bd7 23. e4 Nd6 24. Nxd6 Bxd6 25. Nb5 Bxb5 26.
axb5 Be5 27. Bxc5 Bxa1 28. Bf2 Bf6 29. Qxd5 Qe7 30. e5 Qxe5 31. Qxb7 Rb8
32. Qa7 Qxb5 33. Rc1 Qxb3 34. Qxa5 Rd8 35. Rf1 Qc3 36. Qxc3 Bxc3 37. Rc1
Bd4 38. Kf1 Bxf2 39. Kxf2 h5 40. Kg3 g6 41. Rc2 Kg7 42. Kf4 Rd5 43. Re2
Rf5+ 44. Kg3 Kf6 45. Ra2 Rg5+ 46. Kf4 Rf5+ 47. Ke4 Re5+ 48. Kf4 Rf5+ 49.
Kg3 Rg5+ 50. Kh3 Rb5 51. Ra6+ Kg7 52. Ra7 Kf6 53. Kh4 Rb2 54. Kg3 Rc2 55.
Kh3 Rc3 56. Ra6+ Kg7 57. Ra2 Rb3 58. Kg3 Kf6 59. Re2 Ra3 60. Kf4 Ra4+ 61.
Kg3 h4+ 62. Kh3 g5 63. Re8 Kf5 64. Rb8 f6 65. Rb6 Rc4 66. Ra6 Rb4 67. Rc6
Ra4 68. Rb6 Rc4 69. Ra6 Rb4 70. Ra5+ Kg6 71. Ra6 Kf5 72. Ra5+ Kg6 73. Ra6
Kf5 74. Ra5+ Kg6 75. Ra6 Kf5 76. Rc6 Ra4 77. Rb6 Rc4 78. Rb5+ Kg6 79. Rb6
Kf5 80. Rb5+ Kg6 81. Rb6 1/2-1/2